000 00760cam a22002531 4500
001 28588
003 BD-RjUL
005 20211209051313.0
008 140331s1959 nyua 001 0 eng d
035 _a(BD-RjUL)
040 _aDLC
_cTxShA
_dNBrockU
_dUk
_dDLC
_dBD-RjUL
_beng
041 _aeng
082 0 0 _a371.422
_bKOG 1959
100 1 _aKowitz, Gerald T.
_987546
245 1 0 _aGuidance in the elementary classroom /
_cby Gerald T. Kowitz and Norma G. Kowitz.
260 _aNew York :
_bMcGraw-Hill,
_c1959.
300 _a 314 p. :
_billus. ;
_c24 cm.
504 _aInclude index
650 0 _aCounseling in elementary education.
_987547
700 1 _aKowitz, Norma Giess
_987548
942 _2ddc
_cBK
999 _c28588
_d28588